000 00202nam a2200085 4500
001 1254908
005 20251128141458.0
245 _aBİTKİLER DÜNYASI
_cPOPÜLER BİLİM KİTAPLARI
260 _bİLETİŞİM
999 _c1254908
_d1254908